Counties of Ireland - 60 second sprint - Statistics

General Stats
  • This quiz has been taken 10 times
  • The average score is 20 of 32
Answers on the Map
Answers color-coded by a green-red scale on the quiz's map according to % correct below.
 
Answer Stats
Province County % Correct
Munster Cork
90%
Connaught Galway
90%
Ulster Derry / Londonderry
80%
Ulster Donegal
80%
Leinster Dublin
80%
Connaught Mayo
80%
Ulster Armagh
70%
Ulster Cavan
70%
Munster Clare
70%
Munster Kerry
70%
Connaught Sligo
70%
Leinster Wexford
70%
Ulster Antrim
60%
Ulster Down
60%
Leinster Kilkenny
60%
Connaught Leitrim
60%
Munster Limerick
60%
Leinster Meath
60%
Ulster Monaghan
60%
Connaught Roscommon
60%
Ulster Tyrone
60%
Munster Waterford
60%
Leinster Westmeath
60%
Leinster Carlow
50%
Ulster Fermanagh
50%
Leinster Kildare
50%
Leinster Laois
50%
Leinster Longford
50%
Leinster Louth
50%
Munster Tipperary
50%
Leinster Wicklow
50%
Leinster Offaly
30%
No matching quizzes found
Score Distribution
Percent of People with Each Score
Percentile by Number Answered
Your Score History
You have not taken this quiz